00427nam a22001457a 4500003000500000005001700005008004100022020001800063040000600081082001500087100003700102245007200139260003100211650003900242CEME20210628203003.0210215b xxu||||| |||| 00| 0 eng d a0-471-44255-0 c. a536.57 CHA aChabay, Ruth W Sherwood, Bruce A aMatter and interactions,vol- ii, electric and magnetic interactions aNEW YORKbJOHN WILEYc2002 aELECTRIC AND MAGNETIC INTERACTIONS